EDUCATIONAL OF EXCEPTIONSL CHILDREN (Record no. 27151)

MARC details
000 -LEADER
fixed length control field 00294nam a22001337a 4500
003 - CONTROL NUMBER IDENTIFIER
control field SGT
020 ## - INTERNATIONAL STANDARD BOOK NUMBER
International Standard Book Number 9788125903581
082 ## - DEWEY DECIMAL CLASSIFICATION NUMBER
Classification number 370,PAN
100 ## - MAIN ENTRY--PERSONAL NAME
Personal name PANDA,K.C.
245 ## - TITLE STATEMENT
Title EDUCATIONAL OF EXCEPTIONSL CHILDREN
260 ## - PUBLICATION, DISTRIBUTION, ETC. (IMPRINT)
Place of publication, distribution, etc NEW DELHI
Name of publisher, distributor, etc VIKASH PUB.
Year of Publication 2023
300 ## - PAGE DESCRIPTION
No. of Pages 331
942 ## - ADDED ENTRY ELEMENTS (KOHA)
Source of classification or shelving scheme Dewey Decimal Classification
Koha item type Books
Holdings
Withdrawn status Lost status Source of classification or shelving scheme Damaged status Not for loan Collection code Home library Current library Shelving location Date acquired Vendor Name Cost, normal purchase price SGTU Bill Number Full call number Accession No. (Barcode) Date last seen Bill Date Koha item type Total Checkouts
    Dewey Decimal Classification     EDUCATION SGT Engineering Library SGT Engineering Library Text Book 14/10/2024 ABC PUBLISHERS AND DISTRIBUTORS PVT. LTD. 550.00 SGTU IN84 370,PAN ED5351 14/10/2024 10/09/2024 Books  
    Dewey Decimal Classification     EDUCATION SGT Engineering Library SGT Engineering Library Text Book 14/10/2024 ABC PUBLISHERS AND DISTRIBUTORS PVT. LTD. 550.00 SGTU IN84 370,PAN ED5352 14/10/2024 10/09/2024 Books  
    Dewey Decimal Classification     EDUCATION SGT Engineering Library SGT Engineering Library Text Book 14/10/2024 ABC PUBLISHERS AND DISTRIBUTORS PVT. LTD. 550.00 SGTU IN84 370,PAN ED5353 14/10/2024 10/09/2024 Books